| 000 | 00484nam a2200157 i 4500 | ||
|---|---|---|---|
| 001 | 31598 | ||
| 003 | ES-MaACL | ||
| 005 | 20230906154419.0 | ||
| 007 | t| | ||
| 008 | 030129s1968 sp ||||1| spa d | ||
| 100 | 1 |
_aBelda González, Pedro-Germán. _927141 |
|
| 245 | 1 | 0 |
_aTrabajos de ajuste y torno en relojería / _cPedro-Germán Belda González. |
| 260 |
_aBarcelona : _bSintes, _c[1968] ( _fSalvadó) |
||
| 300 |
_a200 p. : _bil. ; _c23 cm. |
||
| 852 |
_aES-MaACL _jC-47429 _bR.67958 |
||
| 999 |
_c31598 _d31598 |
||